72 vụ án tranh chấp lao động điển hình tóm tắt và bình luận

Sparad:
Bibliografiska uppgifter
Huvudupphovsman: Nguyễn Việt Cường
Materialtyp: Bok
Språk:Undetermined
Publicerad: Hà Nội Lao động -Xã hội 2004
Ämnen:
Taggar: Lägg till en tagg
Inga taggar, Lägg till första taggen!
Thư viện lưu trữ: Trung tâm Học liệu Trường Đại học Cần Thơ
LEADER 00643nam a2200205Ia 4500
001 CTU_62512
008 210402s9999 xx 000 0 und d
020 |b 100000 
082 |a 348.04 
082 |b C561 
100 |a Nguyễn Việt Cường 
245 0 |a 72 vụ án tranh chấp lao động điển hình tóm tắt và bình luận 
245 0 |c Nguyễn Việt Cường 
260 |a Hà Nội 
260 |b Lao động -Xã hội 
260 |c 2004 
650 |a labour laws and legslation 
650 |z vietnam 
904 |i Mai Loan 
980 |a Trung tâm Học liệu Trường Đại học Cần Thơ